| 000 | 01182nam a22002537a 4500 | ||
|---|---|---|---|
| 999 |
_c65902 _d65902 |
||
| 005 | 20240530110849.0 | ||
| 008 | 200912s2019 ua a f b 000 0dara d | ||
| 017 |
_a2018/14175 _bمصر. دار الكتب |
||
| 020 | _a9789774387323 | ||
| 040 |
_aEG-CaGPL _cEG-CaGPL |
||
| 082 | 0 | 4 |
_221 _a953.082\ _bق/ر و |
| 100 | 0 | _aرشا محمود عبدالعزيز فيالة | |
| 245 | 1 | 0 |
_aوسائل الدعاية والاعلام فى مصر فى عصر سلاطين المماليك البحرية : _b( 648 - 784 هـ / 1250 - 1382 م ) / _cرشا محمود عبدالعزيز فيالة |
| 250 | _aط.1 | ||
| 260 |
_aالقاهرة : _bالمكتب الجامعى الحديث ، _c2019 |
||
| 300 |
_a259 ص. ؛ _c24 سم. |
||
| 504 | _aيشتمل على ارجاعات ببليوجرافية | ||
| 650 | 0 | 7 |
_aوسائل الاعلام _2qrmak _zمصر _yعصر المماليك البحرية |
| 650 | 0 | 7 | _aالمماليك البحرية |
| 650 | 0 | 7 |
_aالدعاية _zمصر _yعصر المماليك البحرية |
| 650 | 0 | 7 |
_aالاعلان _zمصر _yعصر المماليك البحرية |
| 942 |
_2ddc _cBK |
||